Cuentos modernos /

Bibliographic Details
Main Author: Johnson, Albert Bushnell
Format: Book
Language:English
Spanish
Published: New York, Cincinnati [etc.] : American book company, [1908]

MARC

Tag First Indicator Second Indicator Subfields
LEADER 00000cam a2200000 4500
001 in00000022392
005 20151007063957.0
008 770815s1908 nyu 00001 eng
010 |a  08020156  
035 |a (OCoLC)03190002 
035 |9 AAD8744AM 
040 |a DLC  |c OCP  |d TXA  |d UtOrBLW 
041 0 |a eng  |a spa 
049 |a TXAM  |c 1 [8058]  |c 2 [53783] 
050 0 0 |a PQ6257  |b .J7 
092 |a 863  |b J66c 
100 1 |a Johnson, Albert Bushnell. 
245 1 0 |a Cuentos modernos /  |c ed., with introduction, notes, and vocabulary, by Albert Bushnell Johnson. 
264 1 |a New York,  |a Cincinnati [etc.] :  |b American book company,  |c [1908] 
264 4 |c [©1908] 
300 |a 251 pages ;  |c 17 cm. 
336 |a text  |b txt  |2 rdacontent 
337 |a unmediated  |b n  |2 rdamedia 
338 |a volume  |b nc  |2 rdacarrier 
999 |a MARS 
999 f f |s 3b844d14-c458-3d3e-992d-4b9c996274c7  |i b179e1e1-8ab8-3615-a5d8-4528a756adb1  |t 0 
952 f f |p ric  |a Texas A&M University  |b Rellis Campus  |c Joint Library Facility  |s JLF  |d Remote Storage  |t 0  |e PQ6257 J7  |h Library of Congress classification  |i unmediated -- volume  |m A14801384535 
998 f f |a PQ6257 J7  |t 0  |l Remote Storage